000 01504nam a2200277Ia 4500
003 Ost
005 20260507075213.0
008 260507s9999||||xx |||||||||||||| ||und||
020 _a75202499579
040 _cfsecg
041 _aara
082 _a330
100 _aحمود، خضير كاظم
_eمؤلف
245 0 _aإدارة الجودة في المنظمات المتميزة /
_c خضير كاظم حمود
260 _aعمان:
_bدار صفاء,
_c2009
300 _a328 صفحة؛
_bإيضاحات ؛
_c24 سم
504 _aمراجع ص.315
520 _aمفهوم الجودة الشاملة كمدخل لادارة الجودة ، الادارة الاستراتيجية : التخطيط و التنفيذ للحصول على الميزة التنافسية ، ثقافة الجودة ، رضالء المستهلكين و الاحتفاظ بهم ، تمكين العاملين ، القيادة و الغيير، بناء الفرق و فرق العمل ، الاتصال الفعال ، التدريب و التعليم ، ادارة الصراع ، اتخاذ القرارات و حل المشكلات ، التحسين المستمر و المقاربة المرجعية ، أدوات الجودة الشاملة.
653 _aالإيزو
653 _aالجودة
653 _aالجودة ــ ادارة
653 _aالمنظمات
653 _aضبط الجودة
700 _aالشيخ، روان منير
_eمؤلف ثانوي
942 _cكتاب
999 _c43482
_d43482